Asian Countries With 10,000 Foot Mountains - Statistics

General Stats
  • This quiz has been taken 731 times
  • The average score is 23 of 27
Answer Stats
highest peak m ft country % Correct
Chomolungma 8848 29,029 China
99%
Sagarmāthā 8848 29,029 Nepal
99%
Kangchenjunga 8586 28,169 India
97%
K2 8611 28,251 Pakistan
97%
Mount Fuji 3776 12,388 Japan
96%
Puncak Jaya 4884 16,024 Indonesia
93%
Gangkhar Puensum 7570 24,836 Bhutan
92%
Noshaq 7492 24,580 Afghanistan
91%
Damavand 5610 18,406 Iran
91%
Klyuchevskaya Sopka 4750 15,580 Russia
90%
Khan Tengri 7010 22,999 Kazakhstan
88%
Ismoil Somoni Peak 7495 24,590 Tajikistan
88%
Mount Ararat 5137 16,854 Turkey
86%
Khazret Sultan 4643 15,233 Uzbekistan
86%
Bazarduzu Dagi 4485 14,715 Azerbaijan
85%
Cheekha Dar 3611 11,847 Iraq
85%
Gora Ayrybaba 3139 10,299 Turkmenistan
85%
Khüiten Peak 4374 14,350 Mongolia
84%
Mount Aragats 4090 13,419 Armenia
83%
Hkakabo Razi 5881 19,295 Burma
83%
Shkhara 5193 17,037 Georgia
82%
Gunung Kinabalu 4095 13,435 Malaysia
82%
Fan Si Pan 3143 10,312 Vietnam
81%
Jengish Chokusu 7439 24,406 Kyrgyzstan
80%
Jabal an Nabi Shu'ayb 3666 12,028 Yemen
68%
Yu Shan 3952 12,966 Taiwan
67%
Qurnat as Sawda' 3088 10,131 Lebanon
59%
No matching quizzes found
Score Distribution
Percent of People with Each Score
Percentile by Number Answered
Your Score History
You have not taken this quiz